Artist's Biggest Songs #10 (Rock) - Statistiken

Allgemein
  • Dieses Quiz wurde 95 mal gespielt
  • Das Durchschnittsergebnis liegt bei 8 aus 15
Antwortstatistiken
Hint Antwort % Korrekt
T.N.T. You Shook Me All Night Long Thunderstruck Back In Black Highway to Hell AC/DC
100%
The Unforgiven One Master Of Puppets Nothing Else Matter Enter Sandman Metallica
94%
One Step Closer Faint What I've Done Numb In The End Linkin Park
91%
Photograph Far Away Burn It to the Ground Rockstar How You Remind Me Nickelback
77%
Ramble On Black Dog Whole Lotta Love Immigrant Song Stairway to Heaven Led Zeppelin
63%
N.I.B. Heaven and Hell War Pigs Iron Man Paranoid Black Sabbath
62%
B.Y.O.B. Aerials Lonely Day Toxicity Chop Suey! System Of A Down
62%
Adam's Song First Date What's My Age Again? I Miss You All The Small Things blink-182
56%
Try Honesty Viking Death March Rusted From the Rain Fallen Leaves Red Flag Billy Talent
51%
The Devil in I Wait and Bleed Before I Forget Psychosocial Duality Slipknot
41%
Sleep Now In The Fire Bombtrack Guerrilla Radio Bulls On Parade Killing In The Name Rage Against The Machine
33%
Pain Never Too Late Riot Animal I Have Become I Hate Everything About You Three Days Grace
31%
Closer To The Edge Walk On Water Kings And Queens This Is War The Kill Thirty Seconds To Mars
24%
Pain Bleed American Hear You Me Sweetness The Middle Jimmy Eat World
19%
So Cold Dance With The Devil Breath I Will Not Bow The Diary of Jane Breaking Benjamin
13%
Keine übereinstimmenden Quizze gefunden
Verteilung der Resultate
Anzahl Personen mit jedem Resultat
Perzentil nach korrekt beantworteten Fragen
Ihre Resultats-Entwicklung
Sie haben dieses Quiz noch nicht gespielt